000 00336nam a22001457a 4500
003 SGT
020 _a9789348565358
082 _a615.19
_bDAS
100 _aDASH DR ALOK KUMAR
245 _aPHARMACEUTICAL INORGANIC CHEMISTRY
260 _aINDIA
_bIP PUB
_c225
300 _a189
650 _a INORGANIC CHEMISTRY
942 _2ddc
_cBK
999 _c34268
_d34268